000
00470nam a2200133Ia 4500
008
100328s9999 xx 000 0 und d
082
_b
37474
100
_a
पेंढारकर श्रीकांत
245
_a
बाबुराव नावाचे झुंबर
260
_b
मोरया
630
_a
बाबुराव नावाचे झुंबर
730
_a
बाबुराव नावाचे झुंबर
942
_c
BOOK
999
_c
526890
_d
526887